000
00211 a2200097 4500
001
47255
100
_a
Alfred,
245
_a
The Art of War on Land
260
_a
London
_b
Methuen & Co.
_c
090
_c
30300
_d
30300
942
_a
NUST-CAE
_c
M
_c
22560
999
_c
282328
_d
282328